Новейший немецко-русский, русско-немецкий словарь: A - Z: 100 тысяч слов

Podrobná bibliografie
Další autoři: Перепеченко П. Ф. (редактор)
Shrnutí:Словарь, содержащий в обеих частях около 100 тысяч слов и словосочетаний, рассчитан на школьников, учащихся, студентов и преподавателей, а также на лиц, желающих самостоятельно изучить немецкий язык.
Jazyk:němčina
ruština
Vydáno: Киев, Арий, 2006
Témata:
Médium: MixedMaterials Kniha
KOHA link:https://koha.lib.tpu.ru/cgi-bin/koha/opac-detail.pl?biblionumber=103319

MARC

LEADER 00000nam0a2200000 4500
001 103319
005 20231031113612.0
010 |a 9668959051 
035 |a (RuTPU)RU\TPU\book\111393 
090 |a 103319 
100 |a 20061016d2006 m y0rusy50 ca 
101 0 |a ger  |a rus 
102 |a UA 
105 |a y e 000zy 
200 1 |a Новейший немецко-русский, русско-немецкий словарь  |e A - Z: 100 тысяч слов  |f под ред. П. Ф. Перепеченко 
210 |a Киев  |c Арий  |d 2006 
215 |a 960 с. 
330 |a Словарь, содержащий в обеих частях около 100 тысяч слов и словосочетаний, рассчитан на школьников, учащихся, студентов и преподавателей, а также на лиц, желающих самостоятельно изучить немецкий язык. 
610 1 |a немецкий язык 
610 1 |a русский язык 
610 1 |a параллельные словари 
610 1 |a лексика 
610 1 |a словари 
686 |a Ш143.24-48  |v LBC/SL-A  |2 rubbk 
702 1 |a Перепеченко  |b П. Ф.  |4 340 
801 1 |a RU  |b 63413507  |c 20061016  |g PSBO 
801 2 |a RU  |b 63413507  |c 20110916  |g PSBO 
942 |c BK 
959 |a 89/20061012  |d 1  |e 146,30  |f ЧЗИЛ:1